Tafhim-al-Bukhari: Sharah Sahis al Bukhari (Vol II) (Record no. 7273)
[ view plain ]
| 000 -LEADER | |
|---|---|
| fixed length control field | 00416 a2200133 4500 |
| 082 ## - DEWEY DECIMAL CLASSIFICATION NUMBER | |
| Classification number | 297.1241 |
| 090 ## - LOCALLY ASSIGNED LC-TYPE CALL NUMBER (OCLC); LOCAL CALL NUMBER (RLIN) | |
| -- | 3360 |
| -- | 3360 |
| 100 ## - MAIN ENTRY--PERSONAL NAME | |
| Personal name | Rizvi, Allama Ghulam Rasool. |
| 245 ## - TITLE STATEMENT | |
| Title | Tafhim-al-Bukhari: Sharah Sahis al Bukhari (Vol II) |
| Statement of responsibility, etc. | Allama Ghulam Rasool Rizvi |
| Medium | [Urdu] |
| 260 ## - PUBLICATION, DISTRIBUTION, ETC. | |
| Place of publication, distribution, etc. | Faisalabad: |
| Name of publisher, distributor, etc. | Jamia Sirajia Rasoolia Rizvia. |
| 300 ## - PHYSICAL DESCRIPTION | |
| Extent | 694 p. ; |
| Dimensions | 25 cm. |
| 650 ## - SUBJECT ADDED ENTRY--TOPICAL TERM | |
| Topical term or geographic name entry element | Hadith (Collection) |
| 942 ## - ADDED ENTRY ELEMENTS (KOHA) | |
| Koha item type | Book |
| Call number prefix | 297.1241 BUK |
| Withdrawn status | Lost status | Damaged status | Not for loan | Collection code | Permanent Location | Current Location | Shelving location | Date acquired | Full call number | Barcode | Date last seen | Price effective from | Koha item type |
|---|---|---|---|---|---|---|---|---|---|---|---|---|---|
| NUST Law School (NLS) | NUST Law School (NLS) | First Floor - Islam | 08/25/2021 | 297.1241 BUK | SEECS000204 | 11/14/2012 | 01/05/2017 | Reference |
